• 首页
  • 本馆介绍
  • 公告通知
  • 最新文献
  • 馆藏检索
  • 电子资源
  • 读者导购
  • 参考咨询
  • 我的图书馆
  • 登录
  • 详细信息显示
  • 放入我的书架
  • 预约/预借图书
  • 作者相关作品
  • 分类相关作品
  • 丛书相关作品
  • 出版社相关作品

书目信息

  • 表格格式
  • 工作单格式
  • 卡片格式
题名:
东进!东进!
    
 
作者: 所云平 , 史超 著
分册:  
出版信息: 北京   中国电影出版社  1979
页数: 133页
开本: 19cm
丛书名:
单 册:
中图分类: I235.17 , I234
科图分类:
主题词: 戏剧文学--剧本--中国 , 电影文学剧本--中国--现代
电子资源:
ISBN:
000 00680nam0 2200253 45
001 0179003213
005 20060801162518.37
010    @dCNY0.38
091    @a10061.323
100    @a19950719d1979 em y0chiy0121 ea
101 0  @achi
102    @aCN@b110000
105    @ay z 000by
200 10 @a东进!东进!@Adong jin dong jin@e电影文学剧本@f所云平,史超著
210    @a北京@c中国电影出版社@d1979
215    @a133页@d19cm
606 0  @a戏剧文学@x剧本@x中国
606    @a电影文学剧本@y中国@z现代
690    @aI235.17@v3
690    @aI234
701  0 @a所云平@Asuo yun ping@4著
701  0 @a史超@Ashi chao@4著
801  0 @aCN@bNLC@c20060801
905    @f3@b34460-462@dI234@e27
    
    东进!东进!:电影文学剧本/所云平,史超著.-北京:中国电影出版社,1979
    133页;19cm
    
    
    ISBN :CNY0.38
    
●
相关链接 在E读中查询图书 在五车中查询图书 在当当中查询图书 在豆瓣中查询图书


正题名:东进!东进!     索取号:I234/27         预约/预借

序号 登录号 条形码 馆藏地/架位号 状态 备注
1 0034460   000764845   第二借阅区/ [索取号:I234/27] 在馆    
2 0034461   000764836   密集书库/ [索取号:I234/27] 在馆    
3 0034462   000764827   第一样本阅览室/ [索取号:I234/27] 在馆    
4 0427536   204275364   密集书库/ [索取号:I234/27] 在馆    
5 0427822   204278227   密集书库/ [索取号:I234/27] 在馆    
6 0443353   204433531   密集书库/ [索取号:I234/27] 在馆    
7 0443354   204433540   密集书库/ [索取号:I234/27] 在馆    
8 0443355   204433559   密集书库/ [索取号:I234/27] 在馆    
唐山师范学院图书馆 欢迎您!
大连网信软件有限公司© 版权所有